000
00190 a2200097 4500
001
26565
100
_a
Clifford F
245
_a
Overdue
260
_a
_b
Aodder
_c
1977
090
_c
17862
_d
17862
942
_a
NUST-CAE
_c
M
_c
8738
999
_c
261638
_d
261638